000 01620nam a22002417a 4500
001 3742
003 FISKH
005 20240429092013.0
008 240429b cb ||||| |||| 00| 0 eng d
040 _aFISK
_beng
_cFISK
_dFISK
050 _aPZ7.M248
082 _a372.64
100 _aMcSwigan Marie
_d1907-1962
245 _aSnow treasure /
_cMarie McSwigan
260 _aNew York :
_bScholastic,
_c1942
300 _a156 pages :
_billustrations,
_c20 cm
505 _aM
520 _aJuvenile Fiction. Juvenile Literature. For 12-year-old Peter Lundstrom, the Norwegian winter of 1940 begins like any other. When he isn't in school, he spends the cold days outside, going sledding in the deep snow of his mountain village. But all around him, the adults are talking about the war that is raging through much of Europe. One day Uncle Victor warns that German soldiers will invade soon. He believes they will try to steal the bank's gold bullion. But he has a daring plan to protect the treasure. The only trouble is-it relies on Peter and his friends. Will the village children be able to fool the suspicious Nazis? Marie McSwigan's exciting Snow Treasure is based on the tale a Norwegian ship captain told as he unloaded a cargo of gold in Baltimore. Though the children and the village were never identified, the story is thought to be true by many. Narrator John McDonough's stirring performance captures the tension and adventure as Peter and his friends risk their lives to help their country.
521 8 _a690
_bLexiles
700 _aMarie McSwigan
942 _2lcc
_cBK
_n0
999 _c3742
_d3742